Tính sinh động : Một bình diện chất lượng nghệ thuật tổng hợp và có tính chất đặc trưng nhất của tác phẩm văn học /
Saved in:
| Main Author: | |
|---|---|
| Format: | Article |
| Language: | Vietnamese |
| Subjects: | |
| Tags: |
Add Tag
No Tags, Be the first to tag this record!
|
| Institutions: | Thư viện Trường Đại học Đà Lạt |
|---|
| LEADER | 00881nam a2200265 4500 | ||
|---|---|---|---|
| 001 | DLU090074016 | ||
| 005 | ##20090513 | ||
| 040 | # | # | |a DLU |b vie |
| 041 | # | # | |a vie |
| 044 | # | # | |a vn |
| 100 | # | # | |a Phùng Minh Hiến. |
| 245 | # | # | |a Tính sinh động : |b Một bình diện chất lượng nghệ thuật tổng hợp và có tính chất đặc trưng nhất của tác phẩm văn học / |c Phùng Minh Hiến. |
| 653 | # | # | |a Hình tượng nghệ thuật |
| 653 | # | # | |a Hình tượng văn học |
| 653 | # | # | |a Lí luận văn học |
| 773 | # | # | |t Tạp chí văn học |g Số 3, 1987, tr.16-24 |
| 920 | # | # | |a Phòng Tạp chí -- Trung tâm Thông tin - Thư viện Trường Đại học Đà Lạt |
| 994 | # | # | |a DLU |
| 900 | # | # | |a True |
| 911 | # | # | |a Nguyễn Thị Linh Chi |
| 925 | # | # | |a G |
| 926 | # | # | |a A |
| 927 | # | # | |a BB |
| 980 | # | # | |a Thư viện Trường Đại học Đà Lạt |